Leaders of the opposition who didn't become PM (UK) since 1945 - Statistics

General Stats
  • This quiz has been taken 118 times
  • The average score is 8 of 12
Answer Stats
Hint Answer % Correct
Labour, died in office John Smith
87%
Labour, fell on a beach Neil Kinnock
87%
Labour, struggles with bacon sandwiches Ed Miliband
86%
Labour, MP for Islington North Jeremy Corbyn
86%
Labour, 'longest suicide note in history' leader Michael Foot
86%
Conservative, baseball cap William Hague
74%
Conservative, better remembered for benefit reforms Iain Duncan Smith
68%
Conservative, "something of the night about him" Michael Howard
57%
Labour, temporary leader twice Harriet Harman
54%
Labour, temporary leader following no. 5 Margaret Beckett
41%
Labour, died in office Hugh Gaitskell
30%
Labour, temporary leader following no. 1 George Brown
28%
No matching quizzes found
Score Distribution
Percent of People with Each Score
Percentile by Number Answered
Your Score History
You have not taken this quiz